00893nam a22001697a 4500003000900000008004100009040007100050082001500121110003800136245014600174260006100320300002500381505024000406650002400646650002500670650002800695AR-CdUCM190305b ||||| |||| 00| 0 spa d aMUNICIPALIDAD PROVINCIAL DEL CUSCOcBIBLIOTECA MUNICIPAL DEL CUSCO a379 /bD82 aMinisterio de educación publica aTres discursos del ministro de educación publica :bEn la inauguración de la conferencia de ministros de educación, 3 de mayo de 1956 / aLima :bImprenta colegio militar Leóncio Prado,c1956. a42 paginas ;c21 cm. aContenido :En la inauguración de la conferencia de ministros de educación, 3 de mayo de 1956 -- En el día del maestro, 6 de junio de 1956 -- En la inauguración del edificio del ministerio de educación del 17 de julio de 1956. aLey del profesorado aEducacional opcional aMinisterio de educacion